00398pab a2200133 454500008004000000100002000040245011800060260000900178300001500187362000800202650002200210650001400232773001800246180718b2014 xxu||||| |||| 00| 0 eng d aBang, Sanjay S. aJudicial review of administrative actions: A study with reference to judicial pronouncements from Indian scenario c2014 ap.103-128. aFeb aJudiciary - India aJudiciary aAdministrator